000 00641nam a2200241 i 4500
001 C2-0295424
003 PPAK
005 20180728031013.0
008 090329s2005 enk |||| ||||| | eng d
020 _a0141017198
040 _aPPAK
_beng
_cPPAK
_erda
082 0 4 _a808.06665
_223
090 0 0 _a808.06665
_bTRA
_dG
100 1 _aTrask, R.L.,
_eauthor
245 1 0 _aHow to write effective emails
264 1 _aLondon :
_bPenguin Books ,
_c2005
300 _a[ix], 214 pages ;
_c18 cm
336 _2rdacontent
_atext
337 _2rdamedia
_aunmediated
338 _2rdacarrier
_avolume
650 1 0 _aBusiness writing
942 _ddc
_cB
999 _c99967
_d99967